<?xml version="1.0" encoding="UTF-8"?>
<record
    xmlns:xsi="http://www.w3.org/2001/XMLSchema-instance"
    xsi:schemaLocation="http://www.loc.gov/MARC21/slim http://www.loc.gov/standards/marcxml/schema/MARC21slim.xsd"
    xmlns="http://www.loc.gov/MARC21/slim">

  <leader>005250c  a2200181   4500</leader>
  <controlfield tag="001">aIQ000949</controlfield>
  <controlfield tag="008">a      t19881988mx                  spa</controlfield>
  <datafield tag="020" ind1=" " ind2=" ">
    <subfield code="a">9686164057</subfield>
  </datafield>
  <datafield tag="100" ind1=" " ind2=" ">
    <subfield code="a">Gobierno deM&#xE9;xico</subfield>
  </datafield>
  <datafield tag="245" ind1=" " ind2=" ">
    <subfield code="a">El Petr&#xF3;leo de M&#xE9;xico /</subfield>
    <subfield code="c">Gobierno de M&#xE9;xico.</subfield>
  </datafield>
  <datafield tag="260" ind1=" " ind2=" ">
    <subfield code="a">M&#xE9;xico :</subfield>
    <subfield code="b">Petr&#xF3;leos Mexicanos,</subfield>
    <subfield code="c">c1988</subfield>
  </datafield>
  <datafield tag="300" ind1=" " ind2=" ">
    <subfield code="a">2 v.</subfield>
  </datafield>
  <datafield tag="504" ind1=" " ind2=" ">
    <subfield code="a">Incluye &#xED;ndice</subfield>
  </datafield>
  <datafield tag="505" ind1=" " ind2=" ">
    <subfield code="a">La biblioteca tiene solamente los volumenes 1 y 3.</subfield>
  </datafield>
  <datafield tag="650" ind1=" " ind2=" ">
    <subfield code="a">Petr&#xF3;leo</subfield>
    <subfield code="z">M&#xE9;xico</subfield>
  </datafield>
  <datafield tag="942" ind1=" " ind2=" ">
    <subfield code="2">lcc</subfield>
    <subfield code="c">LIB</subfield>
  </datafield>
  <datafield tag="999" ind1=" " ind2=" ">
    <subfield code="c">74371</subfield>
    <subfield code="d">74371</subfield>
  </datafield>
  <datafield tag="952" ind1=" " ind2=" ">
    <subfield code="1">0</subfield>
    <subfield code="2">lcc</subfield>
    <subfield code="4">0</subfield>
    <subfield code="7">1</subfield>
    <subfield code="a">LIC-019</subfield>
    <subfield code="b">LIC-019</subfield>
    <subfield code="c">GENERAL</subfield>
    <subfield code="d">2014-10-07</subfield>
    <subfield code="f">1a ed.</subfield>
    <subfield code="h">BIQO000000095</subfield>
    <subfield code="i">IA</subfield>
    <subfield code="k">EH</subfield>
    <subfield code="o">HD9574 P48 1988 V.1</subfield>
    <subfield code="p">BIQO000000095</subfield>
    <subfield code="r">2017-10-18 00:00:00</subfield>
    <subfield code="t">C:1  </subfield>
    <subfield code="y">LIB</subfield>
    <subfield code="z">Solo lectura</subfield>
  </datafield>
  <datafield tag="952" ind1=" " ind2=" ">
    <subfield code="1">0</subfield>
    <subfield code="2">lcc</subfield>
    <subfield code="4">0</subfield>
    <subfield code="7">1</subfield>
    <subfield code="a">LIC-019</subfield>
    <subfield code="b">LIC-019</subfield>
    <subfield code="c">GENERAL</subfield>
    <subfield code="d">2014-10-07</subfield>
    <subfield code="f">1a ed.</subfield>
    <subfield code="h">BIQO000000092</subfield>
    <subfield code="i">IA</subfield>
    <subfield code="k">IT</subfield>
    <subfield code="o">HD9574 P48 1988 V:3 </subfield>
    <subfield code="p">BIQO000000092</subfield>
    <subfield code="r">2017-10-18 00:00:00</subfield>
    <subfield code="t">C:2</subfield>
    <subfield code="y">LIB</subfield>
    <subfield code="z">Solo lectura</subfield>
  </datafield>
</record>
